000
00279nam a2200097Ia 4500
008
220204s9999 xx 000 0 und d
082
_a
38(058.7)
_b
NEW
245
0
_a
New All India directory of trade, commerce and industries
260
_a
Delhi
_b
Delhi Publication
_c
1979
942
_c
BK
999
_c
29615
_d
29615